Lidereando en el infierno : la competitividad de empresas, clusters, ciudades /
Este libro se refiere al manejo de los cambios dentro de las instituciones, con miras hacia la competitividad en el campo específico dónde se desarrollan. Lo que aquí el autor aborda ayuda para el diagnóstico de la organización y el funcionamiento de la empresa o institucion con el fin de poder plan...
-д хадгалсан:
| Үндсэн зохиолч: | |
|---|---|
| Формат: | Ном |
| Хэл сонгох: | испани |
| Хэвлэсэн: |
Buenos Aires, Argentina :
Paidós,
2003, c2003
|
| Цуврал: | (Paidós Empresa ;
97) |
| Нөхцлүүд: | |
| Шошгууд: |
Шошго байхгүй, Энэхүү баримтыг шошголох эхний хүн болох!
|
MARC
| LEADER | 00000nam^a2200000^a^4500 | ||
|---|---|---|---|
| 001 | 000153110 | ||
| 005 | 20250521000000.0 | ||
| 009 | 20260310100309.037 | ||
| 020 | |a 950-12-1097-9 | ||
| 037 | |a Acervo ITESO - Biblioteca | ||
| 041 | |a ESP | ||
| 082 | |a 658. 42 |b LEV | ||
| 100 | |a Levy, Alberto |e (autor) | ||
| 245 | 1 | 0 | |a Lidereando en el infierno : |b la competitividad de empresas, clusters, ciudades / |c A. Levy. |
| 264 | 4 | |a Buenos Aires, Argentina : |b Paidós, |c 2003, c2003 | |
| 300 | |a 248 p. | ||
| 336 | |a texto |b txt |2 rdacontenido | ||
| 337 | |a sin mediación |b n |2 rdamedio | ||
| 338 | |a volumen |b nc |2 rdasoporte | ||
| 440 | 1 | |a (Paidós Empresa ; |v 97) | |
| 520 | |a Este libro se refiere al manejo de los cambios dentro de las instituciones, con miras hacia la competitividad en el campo específico dónde se desarrollan. Lo que aquí el autor aborda ayuda para el diagnóstico de la organización y el funcionamiento de la empresa o institucion con el fin de poder planear modificaciones y controlar los resultados. | ||
| 649 | |a XX | ||
| 650 | |a Desarrollo de Ejecutivos | ||
| 650 | |a Liderazgo | ||
| 650 | |a Competitividad | ||
| 650 | |a Productividad | ||
| 650 | |a Posicionamiento del Producto | ||
| 650 | |a Marcas (Mercadotecnia) | ||
| 650 | |a Producto (Mezcla de Mercadotecnia) | ||
| 650 | |a Mezcla de Mercadotecnia | ||
| 650 | |a Mercadotecnia | ||
| 650 | |a Desarrollo Tecnológico | ||
| 650 | |a Desarrollo Económico-Social | ||
| 650 | |a Desarrollo Económico-Social | ||
| 650 | |a Cambio Organizacional | ||
| 650 | |a Comunicación Organizacional | ||
| 650 | |a Exito Administrativo | ||
| 650 | |a Proceso Administrativo | ||
| 650 | |a Administración | ||
| 650 | |a Empresas - |x Administración | ||
| 650 | |a Ciencias Administrativas | ||
| 910 | |a Fondo General | ||
| 920 | |a Impresos - Libros | ||
| 930 | |a Colección General | ||
| 905 | |a 101 | ||
| 901 | |a 0500082150 |b IT1 |c ACC |u 20250521 | ||
| 902 | |a https://opac.biblio.iteso.mx/vufind/Record/000153110 | ||